MATERIAL REQUIRMENT OF MANUFACTURING (Record no. 574284)
[ view plain ]
| 000 -LEADER | |
|---|---|
| fixed length control field | 00373nam a22001337a 4500 |
| 020 ## - INTERNATIONAL STANDARD BOOK NUMBER | |
| International Standard Book Number | 0-442-25855-0 |
| 082 ## - DEWEY DECIMAL CLASSIFICATION NUMBER | |
| Classification number | 658.7 SMO'M |
| 100 ## - MAIN ENTRY--PERSONAL NAME | |
| Personal name | SMOLIK, DONALD P |
| 9 (RLIN) | 66302 |
| 245 ## - TITLE STATEMENT | |
| Title | MATERIAL REQUIRMENT OF MANUFACTURING |
| 260 ## - PUBLICATION, DISTRIBUTION, ETC. | |
| Place of publication, distribution, etc. | NEWYORK |
| Name of publisher, distributor, etc. | VAN NOSTRAND |
| Date of publication, distribution, etc. | 1983 |
| 300 ## - PHYSICAL DESCRIPTION | |
| Extent | 349P |
| 650 ## - SUBJECT ADDED ENTRY--TOPICAL TERM | |
| Topical term or geographic name entry element | MATERIALS MANAGEMENT PRODUCTION CONTROL INVENTORY CONTROL |
| 9 (RLIN) | 66303 |
| 942 ## - ADDED ENTRY ELEMENTS (KOHA) | |
| Koha item type | Book |
| Withdrawn status | Lost status | Damaged status | Not for loan | Permanent Location | Current Location | Shelving location | Date acquired | Total Checkouts | Full call number | Barcode | Date last seen | Price effective from | Koha item type |
|---|---|---|---|---|---|---|---|---|---|---|---|---|---|
| College of Electrical & Mechanical Engineering (CEME) | College of Electrical & Mechanical Engineering (CEME) | General Stacks | 07/28/2017 | 658.7 SMO'M | CEME-22561 | 06/28/2021 | 06/28/2021 | Book |
